|
|
|
|
| LEADER |
00000nab a2200000 a 4500 |
| 001 |
vtls000341751 |
| 003 |
SK-MaSNL |
| 005 |
20260304082732.0 |
| 008 |
250424c1988 xo 0 slo |
| 015 |
|
|
|a SNBRB19rr/mm-uuuuu
|
| 035 |
|
|
|a CL0341873
|
| 035 |
|
|
|a urn:nbn:sk:snk-ab2mph
|
| 035 |
|
|
|a (urnnbn)urn:nbn:sk:snk:ar-a02nes
|
| 035 |
|
|
|a (uuid)fe9c4212-f534-457b-a0ad-8ca16c9ab71b
|
| 040 |
|
|
|a SNKBUCL
|b slo
|c SNKBUCL
|e AACR2
|
| 041 |
0 |
|
|a slo
|
| 044 |
|
|
|a xo
|c SK
|
| 080 |
|
|
|a 7.072
|2 1981
|
| 080 |
|
|
|a 929 Groško, Imrich
|2 1981
|
| 100 |
1 |
|
|a Němcová, Helena
|4 aut
|9 7479
|
| 245 |
1 |
0 |
|a Životné jubileum PhDr. Imricha Grošku
|c Helena Němcová ; Imrich Groško
|
| 300 |
|
|
|b Obr. 1.
|
| 600 |
1 |
7 |
|a Groško, Imrich
|d 1938-
|x profily
|2 snkbucl
|9 1372320
|
| 650 |
0 |
7 |
|a Groško, Imrich
|2 snkbucl
|9 1372321
|
| 655 |
|
7 |
|a články z novín a časopisov
|2 snkbucl
|9 267496
|
| 773 |
0 |
|
|t Múzeum
|g Roč. 33, č. 3 (1988), s. 105-106
|
| 850 |
|
|
|a Slovenská národná knižnica
|
| 852 |
|
|
|a Slovenská národná knižnica
|
| 954 |
|
|
|a odborná, vedecká literatúra pôvodná (slovenská)
|2 lita
|
| 958 |
|
|
|a article27
|
| 958 |
|
|
|a BX
|
| 958 |
|
|
|a OND
|
| 958 |
|
|
|a EUIPO
|
| 992 |
|
|
|a RBX
|
| 999 |
|
|
|c 2798050
|d 2799980
|